00373nam a22001337a 4500003000400000008004100004082002000045100002300065245006400088260004600152300000900198502001500207650001700222OSt260420b |||||||| |||| 00| 0 eng d a635.93346bS11G aSahni, Gita Prasad aGenetic Variability in RIdge Gourd (Luffa acutangula Roxb.) aBAU, Sabour, BhagalpurbRAU, Sabourc1984 a59P. bMsc.d1984 aHorticulture